000 00610nam a2200193Ia 4500
003 GCL
008 140319s9999 xx 000 0 ara d
040 _aGCL /
_cGCL
082 0 4 _a338.9
_bف ط
100 1 _aفيودروف، ف
245 1 0 _aطرق تطور الدول المتحررة /
_cفيودروف، ف
300 _a169 ص
490 _aالهيئة العامة للاستعلامات
_v0
650 0 4 _aالدول النامية
650 0 4 _aالتنمية الاقتصادية
650 0 4 _aالمذاهب الاقتصادية
650 0 4 _aالمذاهب السياسية
942 _2ddc
_cBK
999 _c46974
_d46974